Statistics for boygenius - Letter to an Old Poet (Lyrics)

Click here to take the quiz!

General Stats

  • This quiz has been taken 164 times
  • The average score is 161 of 172

Answer Stats

Answer% Correct
the
100%
to
100%
a
99%
an
99%
And
99%
and
99%
be
99%
I
99%
When
99%
when
99%
do,
98%
I'm
98%
my
98%
you
98%
You
98%
In
97%
in
97%
know
97%
me
97%
your
97%
go
96%
that
96%
think
96%
but
95%
But
95%
happy
95%
see
95%
With
95%
you're
95%
You're
95%
better
94%
dog
94%
don't
94%
full
94%
like
94%
moon
94%
room
94%
than
94%
without
94%
by
93%
into
93%
now
93%
of
93%
ready
93%
should
93%
walk
93%
wanna
93%
down
92%
evil
92%
feel
92%
it
92%
It
92%
not
92%
said
92%
special,
92%
special
92%
building
91%
for
91%
good
91%
looking
91%
person
91%
remember
91%
told
91%
won't
91%
calm
90%
equal
90%
is
90%
love
90%
our
90%
punch
90%
stomach
90%
tell
90%
top
90%
car
89%
have
89%
hurt
89%
keys
89%
sorry
89%
stairs
89%
Because
88%
heart
88%
hostages:
88%
just
88%
looked
88%
music
88%
selfish
88%
up
88%
wasn't
88%
why
88%
get
87%
make
87%
mellow
87%
there
87%
can't
86%
left
86%
once
86%
right
86%
kissed
85%
am
84%
hard
84%
I'll
84%
exhausted
83%
yet
83%
dark,
82%
closet
81%
waiting
78%
Maybe
77%

Score Distribution

Percentile by Number Answered

Percent of People with Each Score

Your Score History

You have not taken this quiz